BIOCHEMISTRY (Record no. 2592)
[ view plain ]
| 000 -LEADER | |
|---|---|
| fixed length control field | 00355nam a2200145Ia 4500 |
| 008 - FIXED-LENGTH DATA ELEMENTS--GENERAL INFORMATION | |
| fixed length control field | 150201s2002 xx 000 0 und d |
| 082 ## - DEWEY DECIMAL CLASSIFICATION NUMBER | |
| Classification number | 612.015 |
| Item number | B2002S |
| 100 ## - MAIN ENTRY--PERSONAL NAME | |
| Personal name | SATYANARAYAN,U. |
| 245 ## - TITLE STATEMENT | |
| Title | BIOCHEMISTRY |
| 250 ## - EDITION STATEMENT | |
| Edition statement | 2ND |
| 260 ## - PUBLICATION, DISTRIBUTION, ETC. (IMPRINT) | |
| Name of publisher, distributor, etc. | BOOKS & ALLIED PUBLICATION |
| Place of publication, distribution, etc. | KOLKATA |
| Date of publication, distribution, etc. | 2002 |
| 300 ## - PHYSICAL DESCRIPTION | |
| Extent | 1-695 |
| 650 ## - SUBJECT ADDED ENTRY--TOPICAL TERM | |
| Topical term or geographic name as entry element | BIOCHEMISTRY |
| 942 ## - ADDED ENTRY ELEMENTS (KOHA) | |
| Source of classification or shelving scheme | Dewey Decimal Classification |
| Koha item type | Books |
| Koha issues (borrowed), all copies | 1 |
| Withdrawn status | Lost status | Source of classification or shelving scheme | Damaged status | Not for loan | Home library | Current library | Date acquired | Source of acquisition | Cost, normal purchase price | Serial Enumeration / chronology | SGTU | Bill Number | Total Checkouts | Full call number | Barcode | Date last seen | Bill Date | Koha item type | Date last checked out |
|---|---|---|---|---|---|---|---|---|---|---|---|---|---|---|---|---|---|---|---|
| Dewey Decimal Classification | SGT Dental Library | SGT Dental Library | 13/07/2003 | U.B.S.DELHI | 465.00 | 1 | SGTU | 279 | 612.015 B2002S | FD600 | 09/02/2015 | 01/02/2012 | Books | ||||||
| Dewey Decimal Classification | SGT Dental Library | SGT Dental Library | 13/07/2003 | U.B.S.DELHI | 465.00 | 1 | SGTU | 279 | 7 | 612.015 B2002S | FD601 | 08/11/2019 | 01/02/2012 | Books | 04/11/2019 | ||||
| Dewey Decimal Classification | SGT Dental Library | SGT Dental Library | 13/07/2003 | U.B.S.DELHI | 465.00 | 1 | SGTU | 279 | 18 | 612.015 B2002S | FD602 | 28/01/2020 | 01/02/2012 | Books | 15/01/2020 | ||||
| Dewey Decimal Classification | SGT Dental Library | SGT Dental Library | 13/07/2003 | U.B.S.DELHI | 465.00 | 1 | SGTU | 279 | 1 | 612.015 B2002S | FD603 | 16/01/2026 | 01/02/2012 | Books | 23/12/2025 | ||||
| Dewey Decimal Classification | SGT Dental Library | SGT Dental Library | 13/07/2003 | U.B.S.DELHI | 465.00 | 1 | SGTU | 279 | 17 | 612.015 B2002S | FD604 | 26/11/2025 | 01/02/2012 | Books | 13/11/2025 |